Náboženstvo a nacionalizmus v nábožensko-etnických konfliktoch v Európe v súčasnosti dizertačná práca

Saved in:
Bibliographic Details
Main Author: Hašková, Magdaléna, 1980-
Corporate Author: Fakulta medzinárodných vzťahov EU. Katedra diplomacie a medzinárodných vzťahov
Other Authors: Liďák, Ján
Format: Book
Language:Slovak
Published: Bratislava 2006
Subjects:
Tags: Add Tag
No Tags, Be the first to tag this record!

MARC

LEADER 00000nam$a2200000$$$4500
001 0072475
005 20240822101655.8
041 0 |a slo 
044 |a SK 
245 1 0 |a Náboženstvo a nacionalizmus v nábožensko-etnických konfliktoch v Európe v súčasnosti  |b dizertačná práca  |c Magdaléna Hašková ; škol. Ján Liďák 
264 1 |a Bratislava  |c 2006 
300 |a 159 s. 
610 2 0 |a náboženstvo 
610 2 0 |a nacionalizmus 
610 2 0 |a konflikty 
610 2 0 |a Európa 
100 1 |a Hašková, Magdaléna, 1980- 
700 1 |a Liďák, Ján 
710 2 |a Fakulta medzinárodných vzťahov EU. Katedra diplomacie a medzinárodných vzťahov